UITU Library & LRC     

Remote real-time monitoring device for physiological parameters based on smart phone application (Record no. 33603)

MARC details
000 -LEADER
fixed length control field 00512nam a2200133Ia 4500
008 - FIXED-LENGTH DATA ELEMENTS--GENERAL INFORMATION
fixed length control field 260210s9999 xx 000 0 und d
024 ## - OTHER STANDARD IDENTIFIER
Standard number or code 17B-001-TE, 17B-023-TE & 17B-039-TE
082 ## - DEWEY DECIMAL CLASSIFICATION NUMBER
Classification number 620.8 HAF
100 ## - MAIN ENTRY--PERSONAL NAME
Personal name Muhammad Umair Hafeez, Usama Saleem & Hassan Ahmed Khan
245 #0 - TITLE STATEMENT
Title Remote real-time monitoring device for physiological parameters based on smart phone application
260 ## - PUBLICATION, DISTRIBUTION, ETC.
Place of publication, distribution, etc. Karachi:
Name of publisher, distributor, etc. UITU,
Date of publication, distribution, etc. 2017
600 ## - SUBJECT ADDED ENTRY--PERSONAL NAME
Personal name Telecommunication Engineering
650 ## - SUBJECT ADDED ENTRY--TOPICAL TERM
Topical term or geographic name entry element Bachelor of Engineering (BE)

No items available.

Powered by Koha